000
00334nam a2200145Ia 4500
100
_a
Bhavikatti S.S.
942
_c
BK
654
_a
mechanics
245
_a
Problems and solutions in Engineering Mechanics
260
_b
New Age Interational Ltd.
_c
1993
082
_a
620.1
_b
BHA
300
_a
201
546
_a
ENGLISH
999
_c
33450
_d
33450